Pilotes de Formule 1 vainqueurs de Grand Prix - Mort Subite - Statistiques

Statistiques générales
  • Ce quiz a été pris 75 fois
    38 depuis la dernière actualisation
  • Le résultat moyen est 10 sur 12
Answers on the Grid
Answers color-coded by a green-red scale on the quiz's grid according to % correct below.
Lewis Hamilton
Fernando Alonso
Romain Grosjean
Mika Hakkinen
Andrea Kimi Antonelli
Lance Stroll
Michael Schumacher
Kimi Raikkonen
Valtteri Bottas
Sergio Perez
Isack Hadjar
Oscar Piastri
Pierre Gasly
Nico Hulkenberg
Kevin Magnussen
Daniel Ricciardo
Yuki Tsunoda
Nicholas Latifi
Alexander Albon
Esteban Ocon
 
Statistiques - réponses
Réponse % Correct
Lewis Hamilton
100%
Fernando Alonso
96%
Oscar Piastri
96%
Andrea Kimi Antonelli
92%
Kimi Raikkonen
92%
Michael Schumacher
88%
Sergio Perez
88%
Valtteri Bottas
84%
Daniel Ricciardo
80%
Pierre Gasly
80%
Mika Hakkinen
76%
Esteban Ocon
68%
Aucun quiz correspondant
Distribution des résultats
% des personnes avec chaque résultat
Percentile par nombre de réponses
Votre historique - résultats
Vous n’avez pas pris ce quiz depuis la dernière actualisation